| 000 | 01039cam a2200205 i 4500 | ||
|---|---|---|---|
| 008 | 210921s2020 stka b 001 0 eng | ||
| 020 | _a9780702072338 | ||
| 050 | 0 | 0 |
_aSF887 _b.V48 2019 |
| 082 | 0 | 0 | _a636.089/82 |
| 245 | 0 | 0 |
_aVeterinary reproduction and obstetrics / _cedited by David E. Noakes, BVet Med, PhD, DSc(Med), DSc(hc) DVRep, DipECAR, FRCVS, Timothy J. Parkinson, BVSc, DBR, DipECAR, Med, PhD, FRCVS, School of Veterinary Sciences, Massey University, Palmerston North, New Zealand, Gary C.W. England, BVetMed, PhD, DVetMed, DVR, DVRep, DipECAR, DipACT, PFHEA, FRCVS, School of Veterinary Medicine & Science, University of Nottingham, Sutton Bonington Campus, Loughborough, United Kingdom. |
| 250 | _aTenth edition. | ||
| 260 |
_aEngland _bElsevier Ltd _c2019 |
||
| 300 |
_ax, 837 pages : _billustrations (chiefly color) ; |
||
| 650 | 0 | _aVeterinary obstetrics. | |
| 650 | 0 |
_aDomestic animals _xReproduction. |
|
| 700 | 1 | _aNoakes, David E., | |
| 700 | 1 | _aParkinson, Timothy J., | |
| 700 | 1 | _aEngland, Gary C. W., | |
| 942 | _cBK | ||
| 999 |
_c2400 _d2400 |
||